Georgia Sports Logos - Statistics

General Stats
  • This quiz has been taken 26 times
  • The average score is 9 of 12
Answer Stats
Picture Hint Answer % Correct
NFL Atlanta Falcons
100%
MLB Atlanta Braves
95%
NBA Atlanta Hawks
95%
NCAA Georgia Bulldogs
95%
NCAA Georgia Tech Yellow Jackets
91%
NCAA Georgia Southern Eagles
86%
NCAA Georgia State Panthers
82%
NCAA Kennesaw State Owls
77%
NCAA Mercer Bears
77%
MLS Atlanta United FC
64%
WNBA Atlanta Dream
50%
MiLB Gwinnet Stripers
18%
No matching quizzes found
Score Distribution
Percent of People with Each Score
Percentile by Number Answered
Your Score History
You have not taken this quiz